Регионална библиотека "Любен Каравелов" - Русе

Чакам те в Соренто (Запис номер 45809)

MARC детайли
000 -Лидер
Контролно поле с фиксирана дължина 01280nam a2200349 a 4500
003 - Код на организацията, давaща контролен номер
Контролно поле BLK
005 - Дата и час на последна редакция
Контролно поле 20250415090913.0
008 - Елементи от данни с фиксирана дължина
fixed length control field 180408b bul|||||r ||||||| ||bul||
010 ## - Наследен системен номер
LC control number KNG00049608000
020 ## - Международен стандартен номер на книга ISBN
Международен стандартен номер на книга ISBN 954-8009-20-Х
040 ## - Източник на каталожния запис
Идентификатор на билиотеката - собственик на записа BLK
041 ## - Код за език
Код за езика на текст/звукозапис или на отделно заглавие Български
Код за езика КДБФ Български
080 ## - УДК
Текстов определител УДК Английска литература
УДК код - определител по УДК 821.111
УДК определител -312.4
УДК - код + определител 821.111-312.4
100 1# - Редна дума - Автор
Автор Чейс, Джеймс Хадли
Авторска отговорност първи автор
R(LIN) 241644
139 ## - Редно поле
Редна дума Чейс, Джеймс Хадли
Авторски знак Че - Ч 49
245 10 - Сведения за заглавието
Заглавие Чакам те в Соренто
Подзаглавни данни Роман
Редно поле (дума) Джеймс Хадли Чейс; прев. от англ. Христо Кънев.
257 ## - Страна на издаване
Страна на създаване/издаване Великобритания
260 ## - Област на издателските данни
Място на издаване, разпространение и проч. София
Име на издателя, разпространителя и проч. Гарант-21
Година на издаване 1992
300 ## - Физическа характеристика
Страници 216 с.
Размери/Мащаб 20 см
380 ## - Жанр
Жанр Худож. лит.
500 ## - Общи забележки
Забележка Ориг. загл. You Find Him - I'll Fix Him / James Hadley Chase. - 30 000 тир.
653 ## - Ключова дума – ненормативна
Ключова дума крими
653 ## - Ключова дума – ненормативна
Ключова дума романи
700 1# - Други автори (авторска отговорност)
Лично име Кънев, Христо
Автороска отговорност (Описва отношението между автора и произведението) прев. от англ.
9 (RLIN) 363580
852 ## - Местоположение
Форматна сигнатура Цб 171393
Фондова буква Хранилище
856 4# - Електронен адрес и достъп
Електронен формат pdf - файл
Инструкция (цена за достъп) 0.00
Права за достъп disable
856 4# - Електронен адрес и достъп
Електронен формат pdf - файл
Инструкция (цена за достъп) 0.00
Права за достъп disable
999 ## - СИСТЕМНИ КОНТРОЛНИ НОМЕРА
Koha biblionumber 45809
Koha biblioitemnumber 45809
942 ## - АРТИКУЛИ
Вид на библиотечния материал Книги
Скрит в OPAC Не
Koha issues (borrowed), all copies 12
Периодичен библиозапис Да
944 ## - СЪЗДАВАНЕ И РЕДАКЦИЯ на ЗАПИСА
Създаване/Редакция Създаване
Дата на регистрацията/редакция 22.04.2005
Статус, дата на статуса Цветомила Тодорова
Служител, извършил регистрацията/редакцията 30576
944 ## - СЪЗДАВАНЕ И РЕДАКЦИЯ на ЗАПИСА
Създаване/Редакция Редакция
Дата на регистрацията/редакция 11.05.2017
Статус, дата на статуса ф /
Служител, извършил регистрацията/редакцията Людмила_Стоянова
999 ## - СИСТЕМНИ КОНТРОЛНИ НОМЕРА
Koha biblioitemnumber 45809
Наличности
Код за отписване Код за изгубен артикул Източник на класификационната схема Код за повреда Коз за рестрикции Код за отдаване Артикулен № Име на библиотеката - собственик Име на библиотеката, в която се намира в момента Статус (Текущо местоположение) Дата на вписване в системата Местоположение - отдел Цена в лева Инвентарен номер Систематично азбучна сигнатура Баркод Номер на екземпляра Цена в евро Служебна бележка Служебен тип на артикула
  Не е изгубен Universal Decimal Classification Не е повреден без рестрикции заемане за дома 72132 Регионална библиотека "Любен Каравелов" Русе Регионална библиотека "Любен Каравелов" Русе Заемна - подръчен фонд 2005-04-22 Заемна - подръчен фонд 1.50 120000693481 П 820-31/Ч 49 120000693481 1 0.77 Дост: Pk Вид: Ф N: 7 Дата: 21.04.2005 Книги
  Не е изгубен Universal Decimal Classification Не е повреден без рестрикции ползва се в читалня 72133 Регионална библиотека "Любен Каравелов" Русе Регионална библиотека "Любен Каравелов" Русе Хранилище 1992-01-01 Хранилище 17.00 575500 Цб 171393 120000575500 2 8.69 Дост: Dp Вид: Д N: стар фонд Дата: 01.01.1992 Книги
  Не е изгубен Universal Decimal Classification Не е повреден без рестрикции заемане за дома 72134 Регионална библиотека "Любен Каравелов" Русе Регионална библиотека "Любен Каравелов" Русе Дубликат 2007-01-09 Заемна - подръчен фонд 1.50 120000708358 П 820-31/Ч 49 120000708358 3 0.77 Дост: DA Вид: А N: 1 Дата: 05.01.2007 Книги
  Не е изгубен   Не е повреден без рестрикции заемане за дома 72135 Регионална библиотека "Любен Каравелов" Русе Регионална библиотека "Любен Каравелов" Русе Заемна - подръчен фонд 2007-01-09 Заемна - подръчен фонд 1.50 120000708359 П 820-31/Ч 49 120000708359 4 0.77 Дост: DA Вид: А N: 1 Дата: 05.01.2007 Дата инв: 16.02.2018 Бележки инв: П2018 Книги
  Не е изгубен Universal Decimal Classification Не е повреден без рестрикции заемане за дома 72136 Регионална библиотека "Любен Каравелов" Русе Регионална библиотека "Любен Каравелов" Русе Заемна - подръчен фонд 2017-05-04 Заемна - подръчен фонд 12.00 120000810390 П 821-31/Ч 49 120000810390 5 6.14 Дост: DA Вид: А N: 19 Дата: 04.05.2017 Дата инв: 14.02.2018 Бележки инв: П2018 Книги
  Не е изгубен Universal Decimal Classification Не е повреден без рестрикции заемане за дома 72137 Регионална библиотека "Любен Каравелов" Русе Регионална библиотека "Любен Каравелов" Русе Заемна - подръчен фонд 2017-05-04 Заемна - подръчен фонд 12.00 120000810544 П 820-31/Ч 49 120000810544 6 6.14 Дост: DA Вид: А N: 19 Дата: 04.05.2017 Дата инв: 14.02.2018 Бележки инв: П2018 Книги
Vip Innovations Ltd, Rousse, Bulgaria 2025